01449nam a2200313 a 4500001001200000003000800012006001900020007001500039008004100054020002700095040002100122035002100143050002400164245013100188260005000319300002000369500004400389504005100433505016600484533015200650600007200802655002900874700003000903700002100933700002100954710001700975856012600992999001701118ebr10567295CaPaEBRm u cr cn|||||||||120611s2007 enkc sb 011 0deng d z9781847600066 (e-book) aCaPaEBRcCaPaEBR a(OCoLC)74322643114aPR4484b.C65 2007eb04aThe Coleridge connectionh[electronic resource] :bessays for Thomas McFarland /cedited by Richard Gravil and Molly Lefebure. aTirril [England] :bHumanities-Ebooks,c2007. a319 p. :bport. a"First published in 1990 by Macmillan." aIncludes bibliographical references and index.0 apt. 1. The sometimes Jacobin? -- pt. 2. Friend and ventriloquist -- pt. 3. The German connection -- pt. 4. The American connection -- pt. 5. Sage and evangelist. aElectronic reproduction.bPalo Alto, Calif. :cebrary,d2011.nAvailable via World Wide Web.nAccess may be limited to ebrary affiliated libraries.10aColeridge, Samuel Taylor,d1772-1834xCriticism and interpretation. 7aElectronic books.2local1 aMcFarland, Thomas,d1926-1 aGravil, Richard.1 aLefebure, Molly.2 aebrary, Inc.40uhttp://site.ebrary.com/lib/rucke/Doc?id=10567295zAn electronic book accessible through the World Wide Web; click to view c93286d93286